On some" sequences defined by recurrence

Elmentve itt :
Bibliográfiai részletek
Szerző: Aczél János
Dokumentumtípus: Cikk
Megjelent: 1950
Sorozat:Acta scientiarum mathematicarum 13 No. 2
Kulcsszavak:Természettudomány, Matematika, Művelődés
Online Access:http://acta.bibl.u-szeged.hu/13664
LEADER 00639nab a2200181 i 4500
001 acta13664
005 20210412121912.0
008 161015s1950 hu o 0|| eng d
022 |a 0001-6969 
040 |a SZTE Egyetemi Kiadványok Repozitórium  |b hun 
041 |a eng 
100 1 |a Aczél János 
245 1 3 |a On some" sequences defined by recurrence  |h [elektronikus dokumentum] /  |c  Aczél János 
260 |c 1950 
300 |a 136-139 
490 0 |a Acta scientiarum mathematicarum  |v 13 No. 2 
695 |a Természettudomány, Matematika, Művelődés 
856 4 0 |u http://acta.bibl.u-szeged.hu/13664/1/math_013_fasc_002_136-139.pdf  |z Dokumentum-elérés